Ανάπτυξη βοηθητικού λογισμικού για τη γλώσσα για παιδιά με διαταραχή ελλειμματικής προσοχής-υπερκινητικότητα : διπλωματική εργασία [μεταπτυχιακή εργασία]
Αποθηκεύτηκε σε:
| Κύριος συγγραφέας: | |
|---|---|
| Συγγραφή απο Οργανισμό/Αρχή: | |
| Άλλοι συγγραφείς: | |
| Μορφή: | Thesis Βιβλίο |
| Γλώσσα: | Greek |
| Δημοσίευση: |
2012
|
| Θέματα: | |
| Διαθέσιμο Online: | http://hdl.handle.net/11610/16169 |
| Ετικέτες: |
Προσθήκη ετικέτας
Δεν υπάρχουν, Καταχωρήστε ετικέτα πρώτοι!
|
MARC
| LEADER | 00000cam a2200000 i 4500 | ||
|---|---|---|---|
| 001 | 1/24872 | ||
| 008 | 130123s2012 gre d | ||
| 035 | |l 10113541 | ||
| 040 | |a GR-MY-UA |b gre |e aacr | ||
| 041 | 0 | |a gre | |
| 082 | 0 | |a 371.9 |2 (22) | |
| 100 | 1 | |a Τάντου, Χριστίνα-Κλειώ. | |
| 245 | 1 | 0 | |a Ανάπτυξη βοηθητικού λογισμικού για τη γλώσσα για παιδιά με διαταραχή ελλειμματικής προσοχής-υπερκινητικότητα : |b διπλωματική εργασία [μεταπτυχιακή εργασία] / |c Τάντου Χριστίνα-Κλειώ ; επιβλέπουσα: Καζούλλη Βασιλεία |
| 260 | |c 2012 | ||
| 300 | |a 79 σ.; |b εικ.; |c 30 εκ. | ||
| 500 | |a Μέλη εξεταστικής επιτροπής: Τσολακίδης Κωνσταντίνος, Τσιμπιδάκη Ασημίνα | ||
| 502 | # | # | |a Διατριβή (μεταπτυχιακή) – Πανεπιστήμιο Αιγαίου, Ρόδος, 2012. |
| 504 | |a Βιβλιογραφία: σ. 69-74 | ||
| 650 | 0 | 0 | |a Children with disabilities |x Education. |
| 650 | 0 | 0 | |a Learning disabled children |x Education. |
| 650 | 0 | 0 | |a Educational technology. |
| 650 | 0 | 0 | |a Education |x Computer-assisted instruction. |
| 650 | 0 | 0 | |a Dissertations, Academic |z Greece. |
| 700 | 1 | |a Κούρτη-Καζούλλη, Βασιλεία. |4 ths | |
| 710 | 2 | |a Πανεπιστήμιο Αιγαίου |b Σχολή Ανθρωπιστικών Επιστημών |b Παιδαγωγικό Τμήμα Δημοτικής Εκπαίδευσης |b Πρόγραμμα Μεταπτυχιακών Σπουδών Επιστήμες της Αγωγής - Εκπαίδευση με τη Χρήση Νέων Τεχνολογιών. | |
| 852 | |a INST |b RHODES |c DIATR |e 20130123 |h 371.9 ΤΑΝ |p 005400034808 |q 005400034808 |t MTXE |y 23 | ||
| 852 | |a INST |b RHODES |c DIATR |e 20130123 |h 371.9 ΤΑΝ |p 005400034809 |q 005400034809 |t MTXE |y 23 | ||
| 856 | |u http://hdl.handle.net/11610/16169 | ||
| 901 | |a BIBL4-2013-1 | ||
| 909 | |a Ρ |b 176363 | ||
| 909 | |a Ρ |b 176364 | ||
| 924 | |a ΤΑΝΤΟΥ |b ΧΡΙΣΤΙΝΑ-ΚΛΕΙΩ |y ΡΟΔΟΣ |z 2012-03 | ||
| 970 | |z 2013/01/23 | ||